[Event "European Youth Chess Championship G14"]
[Site "Prague, Top Hotel Prague"]
[Date "2016.08.21"]
[Round "4.4"]
[White "Peycheva, Gergana"]
[Black "Swiech, Joanna"]
[Result "1-0"]
[WhiteElo "2134"]
[BlackElo "1888"]
[PlyCount "85"]
[EventDate "2016.08.18"]

1. d4 d5 2. c4 e6 3. Nc3 c6 4. e3 Nf6 5. Nf3 Bd6 6. Bd3 Nbd7 7. O-O O-O 8. Qc2
Re8 9. e4 dxc4 10. Bxc4 e5 11. Qb3 Qe7 12. d5 Nc5 13. Qc2 b5 14. Bb3 b4 15. Ne2
Nfxe4 16. Be3 Nxb3 17. Qxb3 cxd5 18. Qxd5 Bb7 19. Qb3 a5 20. a4 bxa3 21. bxa3
a4 22. Qa2 Rec8 23. Rfc1 Ba6 24. Ng3 Nxg3 25. hxg3 Rxc1+ 26. Rxc1 Bxa3 27. Ra1
Bc5 28. Qd5 Rc8 29. Bxc5 Rxc5 30. Qa8+ Bc8 31. Rxa4 g6 32. Ra7 Qd6 33. Qe4 Kg7
34. Ng5 Qd1+ 35. Kh2 Qh5+ 36. Qh4 e4 37. Nxf7 Kf8 38. Nd6 Qxh4+ 39. gxh4 Rh5
40. Nxc8 Rxh4+ 41. Kg3 g5 42. Nd6 h5 43. Ra8+ 1-0

[Event "European Youth Chess Championship G14"]
[Site "Prague, Top Hotel Prague"]
[Date "2016.08.21"]
[Round "4.5"]
[White "Moscicka, Pola"]
[Black "Malicka, Maria"]
[Result "0-1"]
[WhiteElo "1853"]
[BlackElo "2009"]
[PlyCount "80"]
[EventDate "2016.08.18"]

1. e4 c5 2. Nf3 e6 3. d4 cxd4 4. Nxd4 a6 5. Bd3 Qc7 6. O-O Nf6 7. Qe2 d6 8. c4
Nbd7 9. Nc3 Be7 10. Be3 Ne5 11. f3 b6 12. Rac1 Bb7 13. Rfd1 Rc8 14. b3 Nxd3 15.
Qxd3 Nd7 16. Kh1 O-O 17. Qd2 Nc5 18. Qf2 Qb8 19. Qg3 Rfd8 20. Nde2 Bc6 21. Bf4
e5 22. Bh6 Bf8 23. Nd5 Ne6 24. Nec3 Kh8 25. Be3 Bxd5 26. Nxd5 b5 27. Rf1 Qb7
28. Qh3 Be7 29. Qf5 Kg8 30. cxb5 axb5 31. f4 g6 32. Qg4 h5 33. Qg3 exf4 34.
Bxf4 Nxf4 35. Qxf4 Bf8 36. Rcd1 Bg7 37. Rd2 Be5 38. Qg5 Re8 39. Rdf2 Rc5 40.
Qe3 Bg7 0-1

[Event "European Youth Chess Championship G14"]
[Site "Prague, Top Hotel Prague"]
[Date "2016.08.21"]
[Round "4.6"]
[White "Aciu, Malina-Andreea"]
[Black "Sibajeva, Marija"]
[Result "0-1"]
[WhiteElo "1935"]
[BlackElo "2021"]
[PlyCount "110"]
[EventDate "2016.08.18"]

1. e4 e5 2. Nf3 Nc6 3. Bb5 a6 4. Ba4 Nf6 5. O-O Nxe4 6. d4 b5 7. Bb3 d5 8. dxe5
Be6 9. c3 Be7 10. Be3 O-O 11. Nbd2 Nc5 12. Bc2 h6 13. Nb3 Nd7 14. Qd3 f5 15.
Nbd4 Ndxe5 16. Nxe5 Nxe5 17. Qe2 Bd7 18. Bxh6 Bd6 19. Bf4 Qf6 20. Rfe1 Rae8 21.
Qh5 g6 22. Qg5 Qxg5 23. Bxg5 c5 24. Ne2 Nf7 25. Be3 g5 26. Rad1 f4 27. Bc1 Re5
28. f3 Rfe8 29. Kf2 Bf5 30. Bxf5 Rxf5 31. g4 fxg3+ 32. Nxg3 Bxg3+ 33. hxg3 Rxe1
34. Rxe1 Ne5 35. Kg2 Nxf3 36. Re6 Re5 37. Rxe5 Nxe5 38. Bxg5 Kf7 39. Be3 c4 40.
b3 cxb3 41. axb3 a5 42. Kf1 a4 43. bxa4 bxa4 44. Bc5 Nc4 45. Ke2 a3 46. Bxa3
Nxa3 47. Kd3 Ke6 48. Kd4 Nb5+ 49. Kd3 Nd6 50. g4 Nf7 51. Kd4 Ne5 52. Kc5 Nf3
53. g5 Ke5 54. g6 Ng5 55. Kc6 Ne6 0-1

[Event "European Youth Chess Championship G14"]
[Site "Prague, Top Hotel Prague"]
[Date "2016.08.21"]
[Round "4.7"]
[White "Gresova, Zuzana"]
[Black "Zotova, Anastasia"]
[Result "0-1"]
[WhiteElo "1810"]
[BlackElo "2137"]
[PlyCount "88"]
[EventDate "2016.08.18"]

1. e4 c5 2. Nf3 d6 3. d4 cxd4 4. Nxd4 Nf6 5. Nc3 a6 6. Be2 e5 7. Nb3 Be7 8. O-O
O-O 9. Kh1 b6 10. Be3 Bb7 11. f3 b5 12. a3 Nbd7 13. Qe1 Qc7 14. Rd1 Rac8 15.
Qf2 Nc5 16. Nxc5 dxc5 17. Rd2 Rfd8 18. Rfd1 Rxd2 19. Rxd2 Qa5 20. Qg1 h6 21.
Qd1 b4 22. axb4 cxb4 23. Nd5 Nxd5 24. exd5 Bd6 25. Bd3 Qa2 26. c4 bxc3 27. bxc3
Qa3 28. c4 Bxd5 29. Bc2 Qxe3 30. Rxd5 Bf8 31. Bd3 Ra8 32. Ra5 Bb4 33. Be4 Bxa5
34. Bxa8 Qf2 35. h3 g6 36. Qa4 Qe1+ 37. Kh2 Bb6 38. c5 Bxc5 39. h4 Bd6 40. Qe8+
Kg7 41. Qd8 Bc5 42. Bd5 Be3 43. Qe7 Bf4+ 44. Kh3 Qg3# 0-1

[Event "European Youth Chess Championship G14"]
[Site "Prague, Top Hotel Prague"]
[Date "2016.08.21"]
[Round "4.8"]
[White "Hercog, Nusa"]
[Black "Berdnyk, Mariia"]
[Result "0-1"]
[WhiteElo "1865"]
[BlackElo "2204"]
[PlyCount "104"]
[EventDate "2016.08.18"]

1. d4 Nf6 2. c4 e6 3. Nf3 b6 4. a3 Ba6 5. Qc2 Bb7 6. Nc3 c5 7. dxc5 bxc5 8. Bg5
Be7 9. e3 O-O 10. Be2 Nc6 11. Rd1 Ng4 12. Bxe7 Qxe7 13. Ne4 Nce5 14. O-O f5 15.
Ned2 Rf6 16. h3 Rh6 17. Qc3 d6 18. b4 Nxf3+ 19. Nxf3 e5 20. bxc5 dxc5 21. Qd2
e4 22. Nh2 Ne5 23. Rb1 Rg6 24. Qb2 Bc6 25. Rfd1 Nf3+ 26. Kh1 Nh4 27. Rg1 f4 28.
Bg4 fxe3 29. fxe3 Qg5 30. Qe2 Rf8 31. Rb2 Qe5 32. Rd2 Rgf6 33. Rgd1 Qg3 34. Rd8
h5 35. Nf1 Qc7 36. Rxf8+ Kxf8 37. Bxh5 Ba4 38. Rd5 Bc2 39. Nh2 Bd3 40. Qe1 Nf5
41. Kg1 Bxc4 42. Rd2 Ng3 43. Qd1 Bd3 44. Rb2 c4 45. Rb4 Rf5 46. Bg4 Nf1 47.
Bxf5 Qxh2+ 48. Kf2 Qg3+ 49. Kg1 Qxe3+ 50. Kh1 Qg3 51. Kg1 Qh2+ 52. Kf2 e3+ 0-1

[Event "European Youth Chess Championship G14"]
[Site "Prague, Top Hotel Prague"]
[Date "2016.08.21"]
[Round "4.9"]
[White "Waszczuk, Patrycja"]
[Black "Schneider, Jana"]
[Result "1/2-1/2"]
[WhiteElo "1859"]
[BlackElo "2105"]
[PlyCount "68"]
[EventDate "2016.08.18"]

1. e4 e6 2. d4 d5 3. Nd2 c5 4. Ngf3 cxd4 5. Nxd4 Nc6 6. Nxc6 bxc6 7. exd5 exd5
8. Bd3 Bd6 9. O-O Ne7 10. Nf3 Bg4 11. Re1 h6 12. h3 Bh5 13. c4 O-O 14. cxd5
Nxd5 15. Be2 Bg6 16. Bd3 Nc3 17. Qc2 Bxd3 18. Qxc3 Bh7 19. Be3 c5 20. Rad1 Qc7
21. Rxd6 Qxd6 22. Bxc5 Qc7 23. Bxf8 Qxc3 24. bxc3 Kxf8 25. c4 Rc8 26. Rc1 Ke7
27. Nd4 Kd6 28. Nb3 Rc7 29. f4 f6 30. Rd1+ Kc6 31. Kf2 Bg8 32. Rd4 Kb6 33. c5+
Kb7 34. Ke3 Bxb3 1/2-1/2

[Event "European Youth Chess Championship G14"]
[Site "Prague, Top Hotel Prague"]
[Date "2016.08.21"]
[Round "4.10"]
[White "Kucharska, Honorata"]
[Black "Bulatova, Kamaliya"]
[Result "1-0"]
[WhiteElo "1851"]
[BlackElo "1999"]
[PlyCount "159"]
[EventDate "2016.08.18"]

1. e4 c5 2. Nc3 Nc6 3. g3 e6 4. Bg2 d6 5. d3 Be7 6. Be3 Nf6 7. h3 d5 8. exd5
Nxd5 9. Nxd5 exd5 10. d4 O-O 11. Ne2 c4 12. Nf4 Be6 13. O-O Qd7 14. Re1 Bd6 15.
Nxe6 fxe6 16. c3 Rae8 17. Rf1 Ne7 18. Qd2 Qc7 19. Bg5 Nf5 20. g4 h6 21. gxf5
hxg5 22. fxe6 Bf4 23. Qe2 Qd6 24. Rae1 Re7 25. Kh1 g6 26. Qf3 Rf5 27. Qe2 Kg7
28. Bf3 Rf8 29. Bg4 b5 30. Kg2 $11 Qa6 31. a3 Bc7 32. Qd2 Rf4 33. Rh1 Qd6 34.
Re5 Qd8 35. Re3 Rf8 36. Ree1 Bf4 37. Qc2 Rh8 38. Ra1 Qb6 39. b4 cxb3 40. Qxb3
Qc6 41. Rab1 a6 42. Qb4 Rc7 43. Qb3 Qd6 44. a4 Rb8 45. Rhe1 Re7 46. Qa2 Qc6 47.
axb5 axb5 48. Qb3 Bc7 49. Qb4 Bd6 50. Qb3 Bc7 51. Re3 Bf4 52. Re2 Bc7 53. Ra1
Rf8 54. Qa3 Ree8 55. Qc5 Qd6 56. Qxd6 Bxd6 57. Ra5 Rb8 58. Rb2 Rfc8 59. Raxb5
Rxb5 60. Rxb5 Be7 61. Rxd5 Rxc3 62. Rd7 Kf6 63. d5 Rd3 64. Bf3 Rd4 65. Rc7 Rd2
66. Kf1 Rd3 67. Ke2 Rd4 68. Ke3 Ra4 69. Be2 Ra5 70. Bc4 Rc5 71. d6 Bxd6 72.
Rf7+ Ke5 73. e7 Rc8 74. Bb5 Bxe7 75. Rxe7+ Kf6 76. Rb7 Rc3+ 77. Bd3 Rc6 78. Ra7
Re6+ 79. Kf3 Rb6 80. Ra6 1-0

[Event "European Youth Chess Championship G14"]
[Site "Prague, Top Hotel Prague"]
[Date "2016.08.21"]
[Round "4.11"]
[White "Vinokur, Yuliya"]
[Black "Moenster, Madita"]
[Result "1-0"]
[WhiteElo "1976"]
[BlackElo "1808"]
[PlyCount "111"]
[EventDate "2016.08.18"]

1. Nf3 d5 2. g3 Nf6 3. Bg2 c6 4. O-O Bf5 5. d3 Nbd7 6. c4 e6 7. b3 Bd6 8. Bb2
O-O 9. Nh4 Bg4 10. h3 Bh5 11. Nd2 a5 12. a3 Rb8 13. Qe1 Nc5 14. Kh1 b5 15. Bxf6
Qxf6 16. f4 Bg6 17. Rc1 bxc4 18. bxc4 Rfd8 19. Rf3 Bh5 20. g4 Be7 21. gxh5 Qxh4
22. Qxh4 Bxh4 23. cxd5 Na4 24. dxc6 Rdc8 25. Rff1 Bd8 26. Rb1 Rxb1 27. Rxb1 Nc3
28. Rb7 Kf8 29. Nc4 Bc7 30. Bf3 Nd5 31. Bxd5 exd5 32. Nb6 Bxb6 33. Rxb6 Rc7 34.
Ra6 Ke7 35. Rxa5 Rxc6 36. Rxd5 Ra6 37. Kg2 Rxa3 38. Re5+ Kf6 39. d4 Ra6 40. Kf3
Ra4 41. e3 h6 42. Ke4 Ra6 43. Kd5 Rb6 44. Kc5 Ra6 45. d5 Ra5+ 46. Kb6 Ra2 47.
d6 Rb2+ 48. Kc7 Rc2+ 49. Kd8 Ra2 50. d7 Ra8+ 51. Kc7 Ra7+ 52. Kc8 Ra8+ 53. Kb7
Rd8 54. Kc7 Ra8 55. d8=Q+ Rxd8 56. Kxd8 1-0

[Event "European Youth Chess Championship G14"]
[Site "Prague, Top Hotel Prague"]
[Date "2016.08.21"]
[Round "4.12"]
[White "Hereklioglu, Sude"]
[Black "Koroleva, Evgeniya"]
[Result "1-0"]
[WhiteElo "1801"]
[BlackElo "1940"]
[PlyCount "91"]
[EventDate "2016.08.18"]

1. d4 d5 2. Nc3 Nf6 3. Bg5 Nbd7 4. Nf3 e6 5. a3 Be7 6. e3 O-O 7. Bd3 c5 8. O-O
a6 9. Ne5 Nxe5 10. dxe5 Nd7 11. Bxe7 Qxe7 12. f4 f6 13. exf6 Nxf6 14. g4 b5 15.
g5 Nd7 16. Qh5 g6 17. Bxg6 hxg6 18. Qxg6+ Kh8 19. Rf3 Rf7 20. Rh3+ Rh7 21.
Rxh7+ Qxh7 22. Qxe6 d4 23. exd4 cxd4 24. Qd5 Rb8 25. Qxd4+ Qg7 26. Qe3 Bb7 27.
Rd1 Rf8 28. Qh3+ Kg8 29. Rxd7 Rf7 30. Qe6 Bf3 31. g6 Bd5 32. Rxd5 Kh8 33. Qxf7
Qxf7 34. gxf7 Kg7 35. Rf5 Kf8 36. Ne4 b4 37. Nc5 bxa3 38. bxa3 a5 39. Ne6+ Ke7
40. f8=Q+ Kxe6 41. Qf6+ Kd7 42. Rd5+ Kc7 43. Qd6+ Kb7 44. Rb5+ Ka7 45. Qb6+ Ka8
46. Qb8# 1-0

[Event "European Youth Chess Championship G14"]
[Site "Prague, Top Hotel Prague"]
[Date "2016.08.21"]
[Round "4.13"]
[White "_|_, Laman"]
[Black "Verbin, Valentina"]
[Result "0-1"]
[WhiteElo "1800"]
[BlackElo "1928"]
[PlyCount "106"]
[EventDate "2016.08.18"]

1. d4 Nf6 2. Nc3 d5 3. Bf4 e6 4. a3 c5 5. e3 a6 6. Nf3 Nc6 7. Bd3 h6 8. O-O Bd6
9. Bg3 O-O 10. Re1 Re8 11. dxc5 Bxc5 12. b4 Bd6 13. Bxd6 Qxd6 14. Na4 e5 15.
Nd2 Bg4 16. f3 e4 17. Bxe4 dxe4 18. fxg4 Ne5 19. g5 hxg5 20. Nc5 Neg4 21. Nf1
Qc7 22. Qe2 Rac8 23. h3 Ne5 24. Rac1 g4 25. h4 Ng6 26. Qf2 Re5 27. Ng3 Nxh4 28.
Ngxe4 Nxe4 29. Nxe4 Rxe4 30. Qxh4 Rce8 31. Qf2 R8e6 32. Rcd1 Rf6 33. Qh4 Qe7
34. Qg3 Rfe6 35. Qb8+ Kh7 36. Qh2+ Rh6 37. Qg3 Qg5 38. Rd6 Rxd6 39. Qxd6 Rxe3
40. Qh2+ Kg6 41. Qd6+ f6 42. Rxe3 Qxe3+ 43. Kh1 g3 44. Qd3+ Qxd3 45. cxd3 Kf5
46. Kg1 Kf4 47. Kf1 Ke3 48. d4 Kxd4 49. Ke2 Kc3 50. Kf3 Kb3 51. Kxg3 Kxa3 52.
Kf4 Kxb4 53. Kf5 a5 0-1

[Event "European Youth Chess Championship G14"]
[Site "Prague, Top Hotel Prague"]
[Date "2016.08.21"]
[Round "4.14"]
[White "Beshukova, Alina"]
[Black "Nemcova, Karin"]
[Result "1/2-1/2"]
[WhiteElo "1920"]
[BlackElo "1798"]
[PlyCount "86"]
[EventDate "2016.08.18"]

1. d4 d5 2. Nf3 Nf6 3. c4 e6 4. e3 Be7 5. Nc3 Nbd7 6. Be2 dxc4 7. Bxc4 a6 8. a4
O-O 9. O-O c5 10. e4 cxd4 11. Nxd4 Ne5 12. Be2 Bc5 13. Nb3 Ba7 14. Bf4 Bb8 15.
Be3 Ba7 16. Bxa7 Rxa7 17. Qxd8 Rxd8 18. Rfd1 Nfd7 19. a5 Ra8 20. Na4 Nc6 21.
Rac1 Re8 22. Nb6 Nxb6 23. axb6 e5 24. Nc5 Nd4 25. Bc4 Rb8 26. f4 Nc6 27. f5 Nd4
28. Kf2 Kf8 29. Bd5 Rd8 30. Rc4 Rd6 31. Rdc1 Nc6 32. Nxb7 Bxb7 33. Bxc6 Bxc6
34. Rxc6 Rxc6 35. Rxc6 Rb7 36. f6 gxf6 37. Rxf6 Kg7 38. Rc6 Rd7 39. Ke3 Rd4 40.
b7 Rb4 41. Rxa6 Rxb7 42. Ra2 Rb4 43. Kf3 Kg6 1/2-1/2

[Event "European Youth Chess Championship G14"]
[Site "Prague, Top Hotel Prague"]
[Date "2016.08.21"]
[Round "4.15"]
[White "Esadze, Tamari"]
[Black "Palma, Maria"]
[Result "1/2-1/2"]
[WhiteElo "1763"]
[BlackElo "1911"]
[PlyCount "93"]
[EventDate "2016.08.18"]

1. e4 e6 2. d4 d5 3. Nc3 Nf6 4. Bg5 Be7 5. e5 Nfd7 6. Bxe7 Qxe7 7. a3 a6 8. f4
c5 9. Nf3 Nc6 10. Qd2 O-O 11. dxc5 Qxc5 12. Bd3 b5 13. b4 Qa7 14. Qe2 f6 15.
O-O-O Qc7 16. Qe1 fxe5 17. fxe5 Ndxe5 18. Nxe5 Nxe5 19. Qe3 g6 20. Be2 Bd7 21.
Rhf1 Nc4 22. Bxc4 Qxc4 23. Qd3 Qxd3 24. cxd3 a5 25. Kb2 axb4 26. axb4 Rxf1 27.
Rxf1 Rf8 28. Rxf8+ Kxf8 29. Kc2 Ke7 30. d4 Kd6 31. Kd3 e5 32. Ke3 g5 33. Ne2 h5
34. Nc3 h4 35. Ne2 h3 36. g3 e4 37. Nc3 Kc6 38. Nb1 Bf5 39. Nc3 Bg4 40. Nb1 Bd1
41. Nc3 Bc2 42. Ne2 Bd3 43. Nc3 Kd6 44. Nd1 Ke6 45. Nc3 Kf5 46. Nd1 Kg4 47. Nc3
1/2-1/2

[Event "European Youth Chess Championship G14"]
[Site "Prague, Top Hotel Prague"]
[Date "2016.08.21"]
[Round "4.16"]
[White "Rinaudo, Giada"]
[Black "Sankova, Stella"]
[Result "0-1"]
[WhiteElo "1754"]
[BlackElo "1898"]
[PlyCount "160"]
[EventDate "2016.08.18"]

1. Nf3 d5 2. g3 c6 3. Bg2 Bg4 4. b3 e6 5. Bb2 Nd7 6. d3 Ngf6 7. Nbd2 Be7 8. O-O
O-O 9. e4 a5 10. a3 h6 11. Qe1 Qc7 12. h3 Bxf3 13. Nxf3 dxe4 14. dxe4 c5 15. e5
Nh7 16. Qe4 Rac8 17. c4 a4 18. bxa4 Ra8 19. Nd2 Rxa4 20. Qc2 Raa8 21. f4 Rfd8
22. Rae1 Nb8 23. f5 exf5 24. Rxf5 Nc6 25. Bd5 Ng5 26. Kg2 Nd4 27. Bxd4 cxd4 28.
h4 Rxd5 29. hxg5 Bxg5 30. Nf3 Rc5 31. Nxd4 Rxc4 32. Qb2 Qd7 33. e6 fxe6 34.
Nxe6 Re8 35. Qe2 Qc6+ 36. Kh3 Rc2 37. Qe4 Bf6 38. Rf3 Qxe4 39. Rxe4 Ra8 40. Rb4
Ra2 41. Rxb7 R2xa3 42. Rxa3 Rxa3 43. Kg2 Be5 44. Nf4 Kh7 45. Rf7 Bxf4 46. Rxf4
Kg6 47. Rb4 Kh5 48. Rh4+ Kg5 49. Rb4 Kf5 50. Rf4+ Ke5 51. Rg4 g5 52. Rb4 Rd3
53. Rb6 Kf5 54. Rb5+ Ke4 55. Rb6 h5 56. Re6+ Kf5 57. Re2 g4 58. Kf2 Rd5 59. Kg2
Re5 60. Rb2 Ke4 61. Rb3 Rd5 62. Rb4+ Rd4 63. Rb3 Rd2+ 64. Kg1 Rd3 65. Rb4+ Kf3
66. Rb2 Kxg3 67. Rg2+ Kf4 68. Rf2+ Rf3 69. Rh2 Kg5 70. Kh1 Rf1+ 71. Kg2 Rc1 72.
Kg3 Rc3+ 73. Kg2 Rc2+ 74. Kg1 Rxh2 75. Kxh2 Kf4 76. Kg2 h4 77. Kg1 Kf3 78. Kh1
g3 79. Kg1 g2 80. Kh2 Kf2 0-1

[Event "European Youth Chess Championship G14"]
[Site "Prague, Top Hotel Prague"]
[Date "2016.08.21"]
[Round "4.17"]
[White "Rudzinska, Michalina"]
[Black "Pipia, Ekaterine"]
[Result "1/2-1/2"]
[WhiteElo "1896"]
[BlackElo "1661"]
[PlyCount "60"]
[EventDate "2016.08.18"]

1. e4 c5 2. Nf3 d6 3. d4 cxd4 4. Nxd4 Nf6 5. Nc3 Nc6 6. Be2 g6 7. Be3 Bg7 8.
Nb3 O-O 9. O-O Be6 10. f4 Qc8 11. Bf3 Ng4 12. Bxg4 Bxg4 13. Qd2 Be6 14. Rf3 f5
15. exf5 Bxf5 16. Re1 e5 17. Qxd6 Bxc2 18. Qc5 Bxb3 19. axb3 Nd4 20. Bxd4 exd4
21. Qd5+ Kh8 22. Nb5 Qf5 23. Qxf5 Rxf5 24. Na3 Rd8 25. g4 Rf7 26. Kg2 d3 27.
Rd1 Rfd7 28. Nc4 Rd5 29. Rd2 Kg8 30. Kg3 b6 1/2-1/2

[Event "European Youth Chess Championship G14"]
[Site "Prague, Top Hotel Prague"]
[Date "2016.08.21"]
[Round "4.18"]
[White "Zhbanova, Angelina"]
[Black "Strukova, Ksenia"]
[Result "0-1"]
[WhiteElo "1465"]
[BlackElo "1894"]
[PlyCount "82"]
[EventDate "2016.08.18"]

1. e4 c5 2. Nf3 e6 3. d4 cxd4 4. Nxd4 a6 5. Nc3 Qc7 6. f4 d6 7. Bd3 Nf6 8. Qe2
Nbd7 9. Bd2 b5 10. a3 Bb7 11. O-O-O Nb6 12. g4 Rc8 13. Kb1 Nc4 14. Bc1 Nxa3+
15. bxa3 Qxc3 16. Bb2 Qc7 17. g5 Nd7 18. Rhe1 Nc5 19. Qg4 Na4 20. e5 d5 21. f5
Nxb2 22. fxe6 Nxd1 23. exf7+ Qxf7 24. e6 Nc3+ 25. Kc1 Bxa3+ 26. Kd2 Qf2+ 27.
Re2 Ne4+ 28. Kd1 Qf1+ 29. Re1 Nc3+ 30. Kd2 Qf2+ 31. Re2 Ne4+ 32. Kd1 Qf1+ 33.
Re1 Nf2+ 34. Kd2 Bb4+ 35. c3 Bxc3+ 36. Kc2 Qxd3+ 37. Kb3 Bxe1+ 38. Ka2 Nxg4 39.
Nb3 Rc2+ 40. Ka3 b4+ 41. Ka4 Qb5# 0-1

[Event "European Youth Chess Championship G14"]
[Site "Prague, Top Hotel Prague"]
[Date "2016.08.21"]
[Round "4.19"]
[White "Bucur, Denisa-Andreea"]
[Black "Rosenbaumova, Lea"]
[Result "1-0"]
[WhiteElo "1893"]
[BlackElo "1432"]
[PlyCount "99"]
[EventDate "2016.08.18"]

1. d4 Nf6 2. Nf3 e6 3. c4 c5 4. dxc5 Bxc5 5. a3 Nc6 6. e3 O-O 7. b4 Bb6 8. Bb2
d5 9. Nbd2 Re8 10. Qc2 Bc7 11. Rc1 Bd6 12. Bd3 Bd7 13. Bxf6 Qxf6 14. Bxh7+ Kf8
15. Bd3 Rac8 16. Qb1 Ne5 17. c5 Nxd3+ 18. Qxd3 b6 19. Qd4 bxc5 20. bxc5 Qxd4
21. exd4 e5 22. O-O Bb8 23. Nb3 e4 24. Nfd2 Ba4 25. Rc3 Bf4 26. g3 Bh6 27. Re1
a5 28. Nf1 Bxb3 29. Rxb3 Rb8 30. Reb1 Rxb3 31. Rxb3 Rc8 32. Kg2 Ke7 33. Kh3 g6
34. Ne3 Ke6 35. Rb6+ Kd7 36. Nxd5 Bd2 37. Rb2 Rh8+ 38. Kg2 Bc1 39. Rb3 Kc6 40.
Nc3 e3 41. fxe3 Bxe3 42. Rb6+ Kd7 43. Rd6+ Kc8 44. Nb5 Rd8 45. Kf3 Bg1 46. h3
Rxd6 47. Nxd6+ Kd7 48. Ke4 f6 49. Kd5 f5 50. Kc4 1-0

[Event "European Youth Chess Championship G14"]
[Site "Prague, Top Hotel Prague"]
[Date "2016.08.21"]
[Round "4.20"]
[White "Ferkova, Dominika"]
[Black "Daniel, Sharon"]
[Result "1-0"]
[WhiteElo "1885"]
[BlackElo "1411"]
[PlyCount "89"]
[EventDate "2016.08.18"]

1. d4 Nf6 2. c4 g6 3. Nc3 d5 4. cxd5 Nxd5 5. e4 Nxc3 6. bxc3 Bg7 7. Nf3 c5 8.
Be3 O-O 9. Rc1 Nc6 10. d5 Ne5 11. Bxc5 Nxf3+ 12. Qxf3 Qc7 13. Bb4 Re8 14. Bb5
Bd7 15. Bxd7 Qxd7 16. O-O a5 17. Bc5 Rac8 18. Qe3 Qa4 19. a3 Bf8 20. Rb1 Rc7
21. Qd4 Qd7 22. Bb6 Bg7 23. e5 Rcc8 24. Bxa5 Ra8 25. Bb4 Qc7 26. Rfe1 Rad8 27.
h3 Qd7 28. Rbd1 h6 29. c4 Kh7 30. c5 Rc8 31. Qg4 f5 32. exf6 Qxg4 33. hxg4 Bxf6
34. Re6 Kg7 35. a4 Kf7 36. a5 Red8 37. Rb6 Rc7 38. g3 Rcd7 39. Kg2 g5 40. Rc1
Bd4 41. c6 bxc6 42. dxc6 Bxb6 43. axb6 Rb7 44. cxb7 Rb8 45. Rc7 1-0

[Event "European Youth Chess Championship G14"]
[Site "Prague, Top Hotel Prague"]
[Date "2016.08.21"]
[Round "4.21"]
[White "Vetshtein, Lior"]
[Black "Bogdanic, Katarina"]
[Result "1/2-1/2"]
[WhiteElo "1489"]
[BlackElo "1883"]
[PlyCount "146"]
[EventDate "2016.08.18"]

1. e4 c5 2. Nc3 Nc6 3. g3 g6 4. Bg2 Bg7 5. d3 d6 6. Be3 Rb8 7. Qd2 b5 8. Rb1 e6
9. f4 Nge7 10. e5 f5 11. Qf2 dxe5 12. Bxc5 Qc7 13. fxe5 Bxe5 14. Nf3 Bf6 15.
O-O O-O 16. Ne2 e5 17. Rbd1 Rd8 18. Qe3 Nd5 19. Qd2 a5 20. c3 Nce7 21. Bf2 Nb6
22. d4 Nc4 23. Qc1 e4 24. Ng5 Nd5 25. b3 Nb2 26. Qxb2 Bxg5 27. a3 Be6 28. Kh1
Rdc8 29. Nf4 Bxf4 30. gxf4 Qxc3 31. Qb1 e3 32. Rd3 Qc2 33. Bxe3 Qxb1 34. Rxb1
b4 35. axb4 Nxb4 36. Rdd1 Rc3 37. Bd2 Rxb3 38. Ra1 Nc2 39. Rxa5 Nxd4 40. Re1
Rb1 41. Ra1 Rxa1 42. Rxa1 Nb3 43. Rb1 Rd8 44. Bc3 Rc8 45. Be5 h6 46. h4 Kf7 47.
Rd1 Nc5 48. Bd5 Ne4 49. Bxe6+ Kxe6 50. Rb1 Rc6 51. Rb5 Rc1+ 52. Kg2 Rc2+ 53.
Kg1 Rc6 54. Kh2 Nf6 55. Bxf6 Kxf6 56. Rb8 Rc2+ 57. Kg3 Rc3+ 58. Kg2 Re3 59.
Rb6+ Re6 60. Rb8 Ke7 61. Rb5 Kf7 62. Rc5 Ra6 63. Rb5 Ra2+ 64. Kg3 Ra3+ 65. Kg2
Rd3 66. Ra5 Re3 67. Rb5 Kf6 68. Rb8 Re6 69. Ra8 Kf7 70. Ra5 Rf6 71. Rb5 Kg7 72.
Ra5 Rf7 73. Ra6 Rf6 $11 1/2-1/2

[Event "European Youth Chess Championship G14"]
[Site "Prague, Top Hotel Prague"]
[Date "2016.08.21"]
[Round "4.22"]
[White "Solozhenkina, Elizaveta"]
[Black "Vidruk, Mariia"]
[Result "1-0"]
[WhiteElo "2275"]
[BlackElo "1665"]
[PlyCount "113"]
[EventDate "2016.08.18"]

1. e4 c5 2. Nf3 a6 3. c4 Nc6 4. d4 cxd4 5. Nxd4 g6 6. Nc3 Bg7 7. Be3 Nf6 8. Be2
d6 9. f3 Bd7 10. O-O O-O 11. Qd2 Rc8 12. Rac1 Qa5 13. Nb3 Qd8 14. Na4 Nd4 15.
Nxd4 Bxa4 16. b3 Bd7 17. Rfd1 Qc7 18. a4 Rb8 19. Bf1 Rfc8 20. a5 b6 21. axb6
Rxb6 22. Qa2 Rcb8 23. Rd3 Qb7 24. Rb1 Rb4 25. Qc2 Rb6 26. Ne2 Rc6 27. Rdd1 Rc7
28. Qd2 Qc8 29. Rdc1 Rcb7 30. b4 Qe8 31. Nd4 Nh5 32. c5 dxc5 33. Rxc5 Rb6 34.
g4 e5 35. gxh5 exd4 36. Bxd4 gxh5 37. Bxg7 Rg6+ 38. Kh1 Kxg7 39. Bd3 Bc6 40.
Rg1 Rb6 41. Rxh5 Rxg1+ 42. Kxg1 Bb7 43. Qc3+ Kg8 44. Rg5+ Rg6 45. Rxg6+ hxg6
46. Qc7 Qc8 47. Qxc8+ Bxc8 48. Kf2 f6 49. Ke3 Kf7 50. Kd4 Ke6 51. h4 Kd6 52. f4
Ke6 53. Kc5 f5 54. e5 Kd7 55. Kb6 Ke6 56. Bc4+ Kd7 57. Bxa6 1-0

[Event "European Youth Chess Championship G14"]
[Site "Prague, Top Hotel Prague"]
[Date "2016.08.21"]
[Round "4.23"]
[White "Kovacs, Judit"]
[Black "Simkunaite, Gabija"]
[Result "1-0"]
[WhiteElo "2167"]
[BlackElo "1629"]
[PlyCount "151"]
[EventDate "2016.08.18"]

1. Nf3 d5 2. d4 Nf6 3. c4 c6 4. Qc2 g6 5. Bf4 Bf5 6. Qb3 Qb6 7. e3 Nbd7 8. Nc3
Bg7 9. h3 h6 10. Be2 g5 11. Bg3 O-O 12. O-O Rfe8 13. cxd5 Qxb3 14. axb3 Nxd5
15. Bc4 N5f6 16. Nd2 b5 17. Be2 e5 18. dxe5 Nxe5 19. Bxe5 Rxe5 20. Nf3 Ree8 21.
Nd4 Bd7 22. Bf3 Rec8 23. Ra6 b4 24. Nce2 Nd5 25. Rc1 Nb6 26. Bxc6 Bxc6 27. Nxc6
Rc7 28. Nxb4 Rxc1+ 29. Nxc1 Bxb2 30. Ncd3 Bc3 31. Nc6 Nc8 32. Nc5 Kf8 33. Kf1
Ke8 34. Ke2 Bg7 35. Ra4 Bf8 36. Re4+ Ne7 37. Nd4 Rc8 38. Nb7 Kd7 39. Nf3 Rc2+
40. Nd2 Nc6 41. Kd1 Ra2 42. Rc4 Ra1+ 43. Ke2 Rg1 44. g3 Rh1 45. h4 gxh4 46.
gxh4 Ne5 47. Rd4+ Kc7 48. Na5 Be7 49. Rd5 Ng4 50. Nf3 Ra1 51. Nc4 Ra2+ 52. Ncd2
Nf6 53. Rf5 Kd6 54. Kd3 Ng4 55. Ne4+ Kd7 56. h5 Ke8 57. Nd4 f6 58. f4 Nf2+ 59.
Nxf2 Rxf2 60. Ra5 Rh2 61. Nf5 Bf8 62. Ke4 Rb2 63. Nd4 Rh2 64. Kf3 Bb4 65. Rb5
Bd2 66. Nf5 a5 67. Nxh6 Rh3+ 68. Kg4 Rxe3 69. Nf5 Re1 70. h6 Rg1+ 71. Ng3 Kf7
72. Rh5 Kg8 73. Kf3 Kh7 74. Ne4 Bc1 75. Nxf6+ Kh8 76. Rxa5 1-0

[Event "European Youth Chess Championship G14"]
[Site "Prague, Top Hotel Prague"]
[Date "2016.08.21"]
[Round "4.24"]
[White "Catal, Uktenur"]
[Black "Pribylova, Sofie"]
[Result "1/2-1/2"]
[WhiteElo "1666"]
[BlackElo "1864"]
[PlyCount "72"]
[EventDate "2016.08.18"]

1. d4 Nf6 2. Nf3 d5 3. Bf4 c5 4. e3 Nc6 5. c3 Qb6 6. Qb3 c4 7. Qc2 Bf5 8. Qc1
e6 9. Nbd2 Qd8 10. Be2 Be7 11. h3 h6 12. O-O O-O 13. b3 b5 14. a4 a6 15. b4 Ne4
16. Nxe4 Bxe4 17. Nd2 Bg6 18. Bd1 Bd6 19. axb5 Bxf4 20. bxc6 Bc7 21. Ba4 Qd6
22. f4 f6 23. e4 Bxe4 24. Nxe4 dxe4 25. Qe3 f5 26. Qe2 Qd5 27. Qe3 Kh7 28. Rae1
Rg8 29. Kh1 g5 30. g3 gxf4 31. gxf4 Rg6 32. Rg1 Rag8 33. Rxg6 Rxg6 34. Rg1
Rxg1+ 35. Kxg1 Qd6 36. Kf2 Kg7 1/2-1/2

[Event "European Youth Chess Championship G14"]
[Site "Prague, Top Hotel Prague"]
[Date "2016.08.21"]
[Round "4.25"]
[White "Moerwald, Magdalena"]
[Black "Laurincova, Kristyna"]
[Result "1/2-1/2"]
[WhiteElo "1624"]
[BlackElo "1815"]
[PlyCount "82"]
[EventDate "2016.08.18"]

1. e4 c5 2. Nf3 d6 3. d4 cxd4 4. Qxd4 Nc6 5. Bb5 Bd7 6. Bxc6 Bxc6 7. Nc3 Nf6 8.
Bg5 e5 9. Qd3 Qa5 10. O-O-O O-O-O 11. Kb1 Rd7 12. Bxf6 gxf6 13. Nd5 Bxd5 14.
Qxd5 Qb6 15. Rhf1 Rg8 16. g3 Qc6 17. Rd3 Rc7 18. c3 Rg4 19. Nd2 Qa6 20. Re3 Bh6
21. Ree1 Bxd2 22. Qxd2 Rxe4 23. Rxe4 Qxf1+ 24. Re1 Qa6 25. Rd1 Kd7 26. Qd5 Ke7
27. Qe4 h6 28. f4 Qc4 29. Qe3 Qc5 30. Qd2 e4 31. g4 f5 32. gxf5 Rc6 33. Qd4
Qxf5 34. Qxa7 Qb5 35. Qe3 d5 36. Qd4 Rd6 37. Qe5+ Kd7 38. Qf5+ Ke7 39. Qe5+ Kd7
40. Qf5+ Ke8 41. Qe5+ Kd7 1/2-1/2